Явления переноса в газе и плазме

গ্রন্থ-পঞ্জীর বিবরন
প্রধান লেখক: Арефьев К. М. Константин Максимович
ভাষা:রুশ
প্রকাশিত: Ленинград, Энергоатомиздат, 1983
বিষয়গুলি:
বিন্যাস: গ্রন্থ
KOHA link:https://koha.lib.tpu.ru/cgi-bin/koha/opac-detail.pl?biblionumber=43336

MARC

LEADER 00000nam0a2200000 4500
001 43336
005 20231101210817.0
035 |a (RuTPU)RU\TPU\book\44815 
090 |a 43336 
100 |a 20021008d1983 k y0rusy50 ca 
101 0 |a rus 
102 |a RU 
105 |a a z 001zy 
200 1 |a Явления переноса в газе и плазме  |f К. М. Арефьев 
210 |a Ленинград  |c Энергоатомиздат  |d 1983 
215 |a 111 с.  |c ил. 
320 |a Библиогр.: с. 107-110. 
606 |a Переноса явления  |2 stltpush  |3 (RuTPU)RU\TPU\subj\48591  |9 67446 
610 1 |a физика 
610 1 |a газ 
610 1 |a плазма 
610 1 |a термодинамика 
610 1 |a необъяснимые явления 
610 1 |a кинетическая теория 
675 |a 536.24  |v 3 
700 1 |a Арефьев  |b К. М.  |g Константин Максимович 
801 1 |a RU  |b 63413507  |c 20021008  |g PSBO 
801 2 |a RU  |b 63413507  |c 20180110  |g PSBO 
942 |c BK